[Event "DEN-ch sf3"]
[Site "Svendborg"]
[Date "2024.03.29"]
[Round "5"]
[White "Yildiz, Hasan"]
[Black "Oehlerich, Per"]
[Result "1-0"]
[WhiteElo "1955"]
[BlackElo "1949"]
[PlyCount "55"]
[EventDate "2024.03.29"]
[EventType "swiss"]
[EventRounds "5"]
[EventCountry "DEN"]
[SourceTitle "CBM 219 Extra"]
[Source "ChessBase"]
[SourceDate "2024.05.31"]
[SourceVersion "1"]
[SourceVersionDate "2024.05.31"]
[SourceQuality "1"]

1. Nf3 d6 2. g3 Nf6 3. Bg2 e5 4. d3 c6 5. 0-0 Nbd7 6. c4 Qc7 7. Nc3 Be7 8. h3 h6 9. b3 Nf8 10. Bb2 g5 11. Nd2 Ng6 12. e3 Be6 13. d4 a6 14. d5 Bd7 15. Rc1 c5 16. a3 Kf8 17. f4 gxf4 18. exf4 exf4 19. Nce4 Nxe4 20. Nxe4 Rg8 21. Qh5 f5 22. Qxh6+ Kf7 23. Qh7+ Kf8 24. Nf6 Bxf6 25. Bxf6 Re8 26. Rce1 Qc8 27. gxf4 Nxf4 28. Be7+ 1-0

[Event "DEN-chT2 Gr2"]
[Site "Denmark"]
[Date "2019.03.10"]
[Round "7"]
[White "Yildiz, Hasan"]
[Black "Moestrup, Jorn"]
[Result "1/2-1/2"]
[WhiteElo "1963"]
[BlackElo "2098"]
[PlyCount "128"]
[EventDate "2018.10.28"]
[EventType "team-tourn"]
[EventRounds "7"]
[EventCountry "DEN"]
[SourceTitle "EXT 2025"]
[Source "ChessBase"]
[SourceDate "2024.10.14"]
[SourceVersion "1"]
[SourceVersionDate "2024.10.14"]
[SourceQuality "1"]
[WhiteTeam "Tastrup"]
[BlackTeam "Laseforeningen"]
[WhiteTeamCountry "DEN"]
[BlackTeamCountry "DEN"]

1. Nf3 Nf6 2. g3 d5 3. d3 c5 4. Bg2 Nc6 5. 0-0 e5 6. Bg5 Be7 7. Nbd2 0-0 8. Re1 h6 9. Bxf6 Bxf6 10. e4 d4 11. h3 Be6 12. Kh2 b5 13. b3 Qc7 14. Qc1 Rfd8 15. a4 a6 16. Qa3 Qb7 17. Reb1 Be7 18. Qc1 Qc7 19. Ne1 Rac8 20. Qd1 Nb4 21. Bf1 Nc6 22. Qh5 Bg5 23. Qd1 g6 24. Nef3 Be7 25. Rb2 Nb4 26. Rbb1 Kh7 27. Ne1 Bd6 28. axb5 axb5 29. Ra3 Ra8 30. Rba1 Qb7 31. Qc1 Bd7 32. Qb2 Rxa3 33. Qxa3 Bc6 34. Qa7 Ra8 35. Qxa8 Qxa8 36. Rxa8 Bxa8 37. h4 Bc6 38. Be2 Na2 39. Nb1 f5 40. f3 Kg7 41. Kg1 Kf6 42. Kf2 Bc7 43. g4 Ba5 44. Bd1 Bd7 45. Ng2 Nc1 46. exf5 gxf5 47. Kg3 Na2 48. f4 exf4+ 49. Kxf4 Bc7+ 50. Kf3 fxg4+ 51. Kf2 h5 52. Be2 Kf5 53. Nd2 Bc6 54. Ne4 Bxe4 55. dxe4+ Kxe4 56. Bd3+ Ke5 57. Bxb5 Nb4 58. Ne1 Kf4 59. Nd3+ Ke4 60. Nxb4 cxb4 61. Bd3+ Kf4 62. Kg2 Bd8 63. Bg6 Bxh4 64. Bxh5 Ke5 1/2-1/2

[Event "DEN-chT1 1617 Gr1"]
[Site "Denmark"]
[Date "2016.11.20"]
[Round "2"]
[White "Yildiz, Hasan"]
[Black "Sorensen, Niels Henrik"]
[Result "0-1"]
[WhiteElo "1936"]
[BlackElo "2033"]
[PlyCount "107"]
[EventDate "2016.11.06"]
[EventType "team-tourn"]
[EventRounds "7"]
[EventCountry "DEN"]
[SourceTitle "EXT 2025"]
[Source "ChessBase"]
[SourceDate "2024.10.14"]
[SourceVersion "1"]
[SourceVersionDate "2024.10.14"]
[SourceQuality "1"]
[WhiteTeam "Tastrup"]
[BlackTeam "Frem"]
[WhiteTeamCountry "DEN"]
[BlackTeamCountry "DEN"]

1. Nf3 d5 2. d3 c5 3. g3 Nc6 4. Bg2 g6 5. 0-0 Bg7 6. c3 e6 7. Re1 Nge7 8. Nbd2 0-0 9. e4 b5 10. a3 a5 11. Nb3 Qb6 12. Be3 d4 13. cxd4 cxd4 14. Bd2 a4 15. Nc1 e5 16. Na2 Be6 17. Nb4 Rfc8 18. Rc1 Na5 19. Nd5 Nxd5 20. Bxa5 Qxa5 21. exd5 Bxd5 22. Nxe5 Bxg2 23. Kxg2 Rxc1 24. Qxc1 Re8 25. Qc6 Qa8 26. Qxa8 Rxa8 27. Nc6 f5 28. Re6 Kf8 29. Rd6 Ra6 30. Rd8+ Kf7 31. Rd7+ Ke6 32. Nb8 Rb6 33. Rxg7 Rxb8 34. Rxh7 b4 35. Ra7 bxa3 36. bxa3 Rb3 37. Rxa4 Rxd3 38. Ra6+ Ke5 39. Rxg6 Rxa3 40. Rg8 Ke4 41. h4 d3 42. Rd8 f4 43. g4 Ra1 44. h5 f3+ 45. Kh2 Rf1 46. h6 Rxf2+ 47. Kg1 Rg2+ 48. Kf1 Rh2 49. g5 d2 50. h7 Rxh7 51. Rxd2 Ke3 52. Kg1 Kxd2 53. Kf2 Rg7 54. Kxf3 0-1

[Event "Politiken Cup 34th"]
[Site "Helsingor"]
[Date "2012.08.05"]
[Round "10"]
[White "Yildiz, Hasan"]
[Black "Petersen, Peter Birk"]
[Result "1/2-1/2"]
[WhiteElo "2029"]
[BlackElo "2155"]
[PlyCount "124"]
[EventDate "2012.07.28"]
[EventType "swiss"]
[EventRounds "10"]
[EventCountry "DEN"]
[SourceTitle "CBM 149 Extra"]
[Source "ChessBase"]
[SourceDate "2012.08.24"]
[SourceVersion "1"]
[SourceVersionDate "2012.08.24"]
[SourceQuality "1"]

1. Nf3 c5 2. c4 Nc6 3. Nc3 g6 4. g3 Bg7 5. Bg2 d6 6. 0-0 Nf6 7. d4 cxd4 8. Nxd4 Nxd4 9. Qxd4 0-0 10. Qh4 Qb6 11. Rb1 Be6 12. b3 Rac8 13. Bh6 Bxh6 14. Qxh6 Qa5 15. Rfc1 b6 16. e4 Qc5 17. Nd5 Bxd5 18. cxd5 Qxf2+ 19. Kxf2 Ng4+ 20. Ke2 Nxh6 21. Rc6 Rxc6 22. dxc6 Rc8 23. Rc1 Rc7 24. e5 dxe5 25. Rd1 Nf5 26. Rd7 Nd4+ 27. Kd3 Ne6 28. Kc4 Kf8 29. Kd5 Ke8 30. Rxc7 Nxc7+ 31. Kxe5 f6+ 32. Ke4 e6 33. b4 Ke7 34. a4 a6 35. Bf1 Kd6 36. b5 axb5 37. axb5 h6 38. Kd4 e5+ 39. Ke4 f5+ 40. Kf3 g5 41. h3 Kd5 42. Ke3 Ne6 43. Bg2+ e4 44. h4 f4+ 45. gxf4 gxf4+ 46. Kf2 Kd4 47. Bf1 Nc7 48. Be2 Ne8 49. Bf1 Nc7 50. Be2 Nd5 51. Bf1 Ke5 52. Bc4 Ne7 53. Bf1 f3 54. Bc4 Nc8 55. Ke3 Nd6 56. Bf1 Nf5+ 57. Kf2 Kd6 58. Bh3 Nxh4 59. Ke3 Ng6 60. Kxe4 Ne7 61. Kxf3 Nxc6 62. bxc6 Kxc6 1/2-1/2

[Event "Politiken Cup 34th"]
[Site "Helsingor"]
[Date "2012.08.01"]
[Round "6"]
[White "Yildiz, Hasan"]
[Black "Leutwyler, Martin"]
[Result "0-1"]
[WhiteElo "2029"]
[BlackElo "2190"]
[PlyCount "90"]
[EventDate "2012.07.28"]
[EventType "swiss"]
[EventRounds "10"]
[EventCountry "DEN"]
[SourceTitle "CBM 149 Extra"]
[Source "ChessBase"]
[SourceDate "2012.08.24"]
[SourceVersion "1"]
[SourceVersionDate "2012.08.24"]
[SourceQuality "1"]

1. c4 e6 2. Nc3 Bb4 3. Nf3 Nf6 4. g3 0-0 5. Bg2 d5 6. cxd5 exd5 7. d4 Re8 8. 0-0 c6 9. h3 Nbd7 10. e3 Nf8 11. Qb3 Bd6 12. Bd2 Rb8 13. Qc2 g6 14. Nh4 Ne6 15. Kh2 Ng5 16. Rae1 Nfe4 17. Ne2 Nxh3 18. f4 Nhf2 19. Bxe4 Nxe4 20. Nc3 Qd7 21. Nxe4 Qh3+ 22. Kg1 Rxe4 23. Kf2 Qh2+ 24. Ng2 Qh5 25. Rh1 Qf5 26. Qd1 h5 27. Nh4 Qf6 28. Nf3 Bg4 29. Rh4 Qf5 30. Reh1 Rbe8 31. Qb3 Bxf3 32. Kxf3 R4e6 33. Kf2 Be7 34. R4h2 Bf6 35. Re1 b6 36. Qb4 Qg4 37. Reh1 Re4 38. Qd6 Bxd4 39. Rh4 Qf5 40. Rxh5 gxh5 41. g4 Qxf4+ 42. Qxf4 Rxf4+ 43. Kg3 Rxg4+ 44. Kf3 Bxb2 45. Rxh5 Rg6 0-1

[Event "Politiken Cup 34th"]
[Site "Helsingor"]
[Date "2012.07.29"]
[Round "3"]
[White "Larsen, Hans Haagen"]
[Black "Yildiz, Hasan"]
[Result "0-1"]
[WhiteElo "1775"]
[BlackElo "2029"]
[PlyCount "52"]
[EventDate "2012.07.28"]
[EventType "swiss"]
[EventRounds "10"]
[EventCountry "DEN"]
[SourceTitle "CBM 149 Extra"]
[Source "ChessBase"]
[SourceDate "2012.08.24"]
[SourceVersion "1"]
[SourceVersionDate "2012.08.24"]
[SourceQuality "1"]

1. d4 Nf6 2. Nf3 g6 3. Bf4 d6 4. h3 Bg7 5. e3 0-0 6. Be2 c5 7. c3 Nbd7 8. Qb3 a6 9. a4 b6 10. 0-0 Bb7 11. Nbd2 Qc7 12. Rfd1 h6 13. Rac1 Kh7 14. c4 Nh5 15. Bh2 f5 16. d5 Rf7 17. e4 f4 18. Qc2 Raf8 19. Nh4 Ne5 20. Ndf3 Bf6 21. g4 fxg3 22. fxg3 Qd7 23. Kg2 Bc8 24. Nxe5 Qxh3+ 25. Kg1 Bxe5 26. Bxh5 Bd4+ 0-1

[Event "Politiken Cup 34th"]
[Site "Helsingor"]
[Date "2012.07.29"]
[Round "2"]
[White "Yildiz, Hasan"]
[Black "Gandrud, Vegar Koi"]
[Result "0-1"]
[WhiteElo "2029"]
[BlackElo "2259"]
[PlyCount "56"]
[EventDate "2012.07.28"]
[EventType "swiss"]
[EventRounds "10"]
[EventCountry "DEN"]
[SourceTitle "CBM 149 Extra"]
[Source "ChessBase"]
[SourceDate "2012.08.24"]
[SourceVersion "1"]
[SourceVersionDate "2012.08.24"]
[SourceQuality "1"]

1. c4 c5 2. Nc3 Nc6 3. Nf3 Nf6 4. g3 g6 5. Bg2 Bg7 6. 0-0 0-0 7. d4 b6 8. Ne5 cxd4 9. Bxc6 dxc6 10. Nxc6 Qc7 11. Nd5 Nxd5 12. cxd5 Bb7 13. Bf4 e5 14. Bd2 Qd7 15. Rc1 Rfc8 16. Qa4 Bf6 17. Qb5 Rd8 18. d6 Kg7 19. Bb4 a5 20. Ba3 Ba6 21. Qxb6 Bxe2 22. f4 Bxf1 23. fxe5 Bg5 24. Qxd4 Kg8 25. Rxf1 Qxc6 26. e6 fxe6 27. b3 Qd5 28. Qb6 Rf8 0-1

[Event "Copenhagen K41 Sommer B"]
[Site "Copenhagen"]
[Date "2012.06.16"]
[Round "5"]
[White "Yildiz, Hasan"]
[Black "Nielsen, John Holm"]
[Result "1/2-1/2"]
[WhiteElo "1966"]
[BlackElo "1941"]
[PlyCount "100"]
[EventDate "2012.05.17"]
[EventType "tourn"]
[EventRounds "5"]
[EventCountry "DEN"]
[SourceTitle "EXT 2023"]
[Source "ChessBase"]
[SourceDate "2022.10.05"]
[SourceVersion "1"]
[SourceVersionDate "2022.10.05"]
[SourceQuality "1"]

1. c4 e5 2. Nc3 Nf6 3. Nf3 Nc6 4. g3 d5 5. cxd5 Nxd5 6. d3 Be6 7. Bg2 Nb6 8. Be3 Nd5 9. Qd2 Nxe3 10. Qxe3 f6 11. 0-0 Be7 12. Rfd1 Qc8 13. d4 exd4 14. Nxd4 Nxd4 15. Qxd4 0-0 16. Qe3 c6 17. Rd2 Bb4 18. Rad1 Re8 19. Qf4 Ba5 20. e4 Qc7 21. Qxc7 Bxc7 22. b3 Rad8 23. Rc2 Ba5 24. Kf1 Bxc3 25. Rxd8 Rxd8 26. Rxc3 Rd2 27. a3 a5 28. Bf3 Kf7 29. Ke1 Ra2 30. a4 Rb2 31. Bd1 Ke7 32. Bc2 Ra2 33. Kd2 Ra1 34. Bd1 Kd6 35. f4 b5 36. Rd3+ Kc5 37. f5 Bc8 38. Rd8 bxa4 39. bxa4 Ba6 40. Rd7 Ra2+ 41. Bc2 Bc4 42. Kc3 Ra3+ 43. Kd2 Ra2 44. Rb7 Kd4 45. h4 h5 46. Rd7+ Kc5 47. Rb7 Kd4 48. Rd7+ Ke5 49. Rb7 Kd4 50. Rd7+ Ke5 1/2-1/2